Під гарячим сонцем Африки (Запис № 316548)

МАРК-запис
000 -Лідер
fixed length control field 00829nam a22002537a 4500
001 - Контрольний номер
control field 30141
003 - Ідентифікатор контрольного номера
control field UA-OsUOA
005 - Дата та час останнього входження (трансакції)
control field 20260311112243.0
007 - Фіксоване поле фізичного опису
fixed length control field ta
008 - Елементи даних фіксованої довжини – загальна інформація
fixed length control field 20041105b un ||||| |||| 00| 0 ukr d
040 ## - Джерело каталогізації
Агенція оригінальної каталогізації UA-OsUOA
Мова каталогізації ukr
Агенція, яка здійснювала перезапис UA-OsUOA
Агенція, яка здійснювала модифікацію UA-OsUOA
041 ## - Код мови
Код мови тексту/ звукової доріжки чи окремого заголовка (П) ukr
044 ## - Код країни видавця/ виробника
Код країни видавця/ виробника (П) CA
080 ## - Індекс Універсальної десяткової класифікації
Індекс Універсальної десяткової класифікації (УДК) (НП) 913(4/9)(6)+82-992
090 ## - Локальний шифр розміщення
Класифікаційний індекс УДК 913(4/9)(6)+82-992
Авторський знак (НП) Ш96
100 ## - Основне введення – ім’я особи
Ім’я особи (НП) Шумовський Ю.
9 (RLIN) 24383
245 ## - Відомості про назву
Назва (НП) Під гарячим сонцем Африки
Дані про відповідальність (НП) Юрій Ф. Шумовський
260 ## - Публікація, розповсюдження і т.п. (Вихідні дані)
Місце публікації, розповсюдження і т.п. (П) Вінніпеґ
Ім’я/ наймення видавництва, розповсюджувача і т.п. (П) Тризуб
Дата публікації, розповсюдження і т.п. (П) 1956
300 ## - Фізичний опис
Обсяг 172 с.
Інші фізичні характеристики (НП) 37 ілюстрацій
650 #7 - Додаткове предметне введення – тематичний термін
Джерело заголовка чи терміна UDC
Тематичний термін чи географічна назва, як елемент введення (НП) 82 Література. Літературознавство
9 (RLIN) 15
942 ## - Додаткові елементи входу (Коха)
Тип елемента Koha Книги
Source of classification or shelving scheme Universal Decimal Classification
955 ## - Код типу видання за змістом
Код типу видання за змістом (НП) Науково-популярні видання
Фонди
Стан вилучень Стан втрат Джерело класифікації або схеми стелажів Стан уражень Не для кредиту Постійне місце розташування Поточне розміщення Дата придбання Вартість, звичайна ціна покупки Інвентарний номер Усього замовленно Повний номер виклику Штрих-код Дата останнього перегляду Ціна ефективна від Тип елемента Koha Код колекції Джерело придбання Вартість, ціна заміни Примітка, призначена для загального доступу
    Universal Decimal Classification     АБ - Абонемент НБ АБ - Абонемент НБ 07/02/2012 4.00 136981   913(4/9)(6)+82-992 Ш96 136981 06/02/2022 07/02/2012 Книги Колекція Жулинського М.Г. 5/2012    
    Universal Decimal Classification     АБ - Абонемент НБ АБ - Абонемент НБ 14/06/2012 4.00 139351   913(4/9)(6)+82-992 Ш96 139351 06/02/2022 07/02/2012 Книги Колекція бібліотеки інституту Св. Івана 48/2012    
    Universal Decimal Classification     Наукова бібліотека ІДУД Наукова бібліотека ІДУД 14/01/2010 1.00 2131295   39 Ш96 2131295 14/09/2019 14/01/2010 Книги   115/2007    
    Universal Decimal Classification     Наукова бібліотека ІДУД Наукова бібліотека ІДУД 10/12/2025 1.00 300162   82-94:39 Ш96 300162 11/03/2026 10/12/2025 Книги   №1/16.01.2025 (ІДУД) 1.00 Книгу отримано в дар від Романа Єринюка
    Universal Decimal Classification     ЧЗ - Читальна зала ЧЗ - Читальна зала 05/11/2004 4.00 72395   913(4/9)(6)+82-992 Ш96 72395 07/02/2022 05/11/2004 Книги